| 000 | 00979nam a2200265Ia 4500 | ||
|---|---|---|---|
| 003 | OSt | ||
| 005 | 20221005104834.0 | ||
| 006 | a|||||r|||| 00| 0 | ||
| 007 | ta | ||
| 008 | 221004b |||||||| |||| 00| 0 hin d | ||
| 020 |
_a8173120226 (hbk) _c495 |
||
| 024 | _a102059 | ||
| 037 |
_b405, 22/03/2010, Swaraj Prakashan _cTextual |
||
| 040 |
_aCRL _cCRL _bhin |
||
| 041 |
_2hin _ahin |
||
| 082 | _aU25:(Y:436), 152P7 | ||
| 100 | _aरावत, ज्ञानेन्द्र, संपा. | ||
| 245 | 0 | _aसुनामी का तांडव | |
| 246 | _aSunāmī kā tāanḍava | ||
| 260 |
_aदिल्ली _bश्री नटराज प्रकाशन भारत _c2007 |
||
| 300 |
_a272पृ0 _ccm. |
||
| 650 | _aभारतीय-भूगोल | ||
| 942 |
_hU25:(Y:436), 152P7 _cTEXL _2cc |
||
| 999 |
_c1013945 _d1013945 |
||